Northern Ireland property market analysis project (NIPMAP). - Report no.8 (July-September 1986) - no.13 (October-December 1987) (Record no. 90058)

MARC details
000 -LEADER
fixed length control field 00689cam a2200241 4500
001 - CONTROL NUMBER
control field B352
008 - FIXED-LENGTH DATA ELEMENTS--GENERAL INFORMATION
fixed length control field 090401t xxu||||| |||| 00| 0 eng d
035 ## - SYSTEM CONTROL NUMBER
System control number (Sirsi) u35167
041 ## - LANGUAGE CODE
Language code of text/sound track or separate title eng
050 ## - LIBRARY OF CONGRESS CALL NUMBER
Classification number 306.1
100 ## - MAIN ENTRY--PERSONAL NAME
Personal name Adair, A.
245 ## - TITLE STATEMENT
Title Northern Ireland property market analysis project (NIPMAP). - Report no.8 (July-September 1986) - no.13 (October-December 1987)
260 ## - PUBLICATION, DISTRIBUTION, ETC.
Place of publication, distribution, etc. Newtownabbey, Co.Antrim
Name of publisher, distributor, etc. University of Ulster
Date of publication, distribution, etc. 1986-87
300 ## - PHYSICAL DESCRIPTION
Extent 6v. ; 30cm.
350 ## - PRICE (NR) (BK AM CF MU VM SE) [OBSOLETE]
Price 5
520 ## - SUMMARY, ETC.
Summary, etc. Published quarterly
650 ## - SUBJECT ADDED ENTRY--TOPICAL TERM
Topical term or geographic name entry element HOUSE PRICES
650 ## - SUBJECT ADDED ENTRY--TOPICAL TERM
Topical term or geographic name entry element NORTHERN IRELAND
650 ## - SUBJECT ADDED ENTRY--TOPICAL TERM
Topical term or geographic name entry element PROPERTY MARKET
700 ## - ADDED ENTRY--PERSONAL NAME
Personal name McGreal, Stanley
942 ## - ADDED ENTRY ELEMENTS (KOHA)
Suppress in OPAC 0
948 ## - LOCAL PROCESSING INFORMATION (OCLC); SERIES PART DESIGNATOR (RLIN)
c (OCLC) 04/03/1997
Holdings
Withdrawn status Lost status Source of classification or shelving scheme Damaged status Not for loan Home library Current library Shelving location Date acquired Cost, normal purchase price Total Checkouts Full call number Barcode Date last seen Copy number Cost, replacement price Price effective from Koha item type
    Dewey Decimal Classification     London London Property market reports 05/09/1991 5.00   LIBRARY ANNEXE 30000673 06/08/2019 1 5.00 06/08/2019 Reference material
    Dewey Decimal Classification     London London Property market reports 05/09/1991 5.00   LIBRARY ANNEXE 30000674 06/08/2019 2 5.00 06/08/2019 Reference material
    Dewey Decimal Classification     London London Property market reports 05/09/1991 5.00   LIBRARY ANNEXE 30000675 06/08/2019 3 5.00 06/08/2019 Reference material
    Dewey Decimal Classification     London London Property market reports 05/09/1991 5.00   LIBRARY ANNEXE 30000676 06/08/2019 4 5.00 06/08/2019 Reference material
    Dewey Decimal Classification     London London Property market reports 05/09/1991 5.00   LIBRARY ANNEXE 30000677 06/08/2019 5 5.00 06/08/2019 Reference material
    Dewey Decimal Classification     London London Property market reports 05/09/1991 5.00   LIBRARY ANNEXE 30000678 06/08/2019 6 5.00 06/08/2019 Reference material